London boroughs north (Record no. 77631)

MARC details
000 -LEADER
fixed length control field 00774cab a2200205 4500
001 - CONTROL NUMBER
control field ##L134740
008 - FIXED-LENGTH DATA ELEMENTS--GENERAL INFORMATION
fixed length control field 060830n2006 000 0 eng u
035 ## - SYSTEM CONTROL NUMBER
System control number (Sirsi) u134740
041 0# - LANGUAGE CODE
Language code of text/sound track or separate title eng
100 1# - MAIN ENTRY--PERSONAL NAME
Personal name Greig-Smith, Heather
245 00 - TITLE STATEMENT
Title London boroughs north
Remainder of title regional
260 ## - PUBLICATION, DISTRIBUTION, ETC.
Date of publication, distribution, etc. 2006
490 #0 - SERIES STATEMENT
Series statement Property Week
Volume/sequential designation 71(34) 25 August 2006, 65-73(6)
520 ## - SUMMARY, ETC.
Summary, etc. Examines various aspects of the property market in north London, including the impact of the 2012 Olympics on the industrial sector, the redevelopment of Oriental City in Colindale and Lee Valley Estates' plans for Hale Village.
590 ## - LOCAL NOTE (RLIN)
Local note IKA300806
651 #4 - SUBJECT ADDED ENTRY--GEOGRAPHIC NAME
Geographic name NORTH LONDON
690 ## - LOCAL SUBJECT ADDED ENTRY--TOPICAL TERM (OCLC, RLIN)
Topical term or geographic name as entry element PROPERTY-COMMERCIAL PROPERTY-COMMERCIAL PROPERTY MARKET
700 1# - ADDED ENTRY--PERSONAL NAME
Personal name Hipwell, Deirdre
942 ## - ADDED ENTRY ELEMENTS (KOHA)
Suppress in OPAC 0
Holdings
Withdrawn status Lost status Source of classification or shelving scheme Damaged status Not for loan Home library Current library Shelving location Date acquired Total Checkouts Full call number Barcode Date last seen Copy number Price effective from Koha item type
    Dewey Decimal Classification     London London Journal article 30/08/2006   L134740 134740-1001 06/08/2019 1 06/08/2019 Journal article